Tilastot visalle Vähiten metsittyneet Euroopan valtiot

Klikkaa tästä pelataksesi tätä visaa!

Yleistilastot

  • Tätä visaa on pelattu 302 kertaa
  • Keskiarvotulos 7 / 10

Vastaustilastot

%Valtio% Oikein
0,361Islanti
85%
6,43Irlanti
84%
9,23Alankomaat
80%
9,39Yhdistynyt kuningaskunta
79%
5,22Malta
77%
8,03San Marino
74%
11,8Tanska
71%
15,5Ukraina
55%
8,68Moldova
49%
18,5Unkari
49%

Tulosjakauma

Persentiili vastausten määrän mukaan

Jokaisen tuloksen saaneiden osuus

Tuloshistoriasi

Et ole pelannut tätä visaa